000 00611nam a22002057a 4500
003 BUBTL
008 221119b ||||| |||| 00| 0 eng d
020 _a9877002000021
082 _a872.01/ Eu73m
100 _94946
_aEuripides
245 _aMedea & Phaedra/
_cEuripidies & Seneca
260 _aDhaka:
_bLow Cost Edition for Students Print Foundation,
300 _a140 p.:
_c20 cm.
505 _aMedea & Phaedra, Euripidies & Seneca
650 0 _91994
_aEnglish Literature
700 _94947
_aSeneca
856 _k0
_l0
_yDownload
942 _2ddc
_cBK
999 _c6821
_d6821